[Event "2nd Indonesia Open Chess Ch. 2012"]
[Site "Grand Sahid Jaya Hotel, Jakart"]
[Date "2012.10.17"]
[Round "9.33"]
[White "Khairul, Anam"]
[Black "Milliet, Sophie"]
[Result "0-1"]
[WhiteElo "2308"]
[BlackElo "2421"]
[PlyCount "50"]
[EventDate "2012.10.11"]

1. d4 Nf6 2. c4 e6 3. Nc3 Bb4 4. f3 c5 5. d5 O-O 6. e4 b5 7. Nge2 bxc4 8. Nf4
Ba6 9. Be2 exd5 10. Nfxd5 Nxd5 11. Qxd5 Qh4+ 12. Kf1 Nc6 13. a3 Bxc3 14. bxc3
Qf6 15. Bd2 Rfe8 16. Rd1 Rab8 17. Qxc5 Rxe4 18. Qg5 Qxg5 19. Bxg5 Ree8 20. Rxd7
Rb5 21. h4 h6 22. Bf4 Rb3 23. Kf2 Rxc3 24. Rc1 Rxc1 25. Bxc1 Nd4 {
Unreadable notation Game ended in 57 moves.} 0-1

[Event "2nd Indonesia Open Chess Ch. 2012"]
[Site "Grand Sahid Jaya Hotel, Jakart"]
[Date "2012.10.17"]
[Round "9.34"]
[White "Azarya, Jodi Setyaki"]
[Black "Tirto"]
[Result "0-1"]
[WhiteElo "2005"]
[BlackElo "2322"]
[PlyCount "88"]
[EventDate "2012.10.11"]

1. e4 c5 2. Nf3 Nc6 3. d4 cxd4 4. Nxd4 Nf6 5. Nc3 d6 6. Bc4 Qb6 7. Nb3 e6 8.
Bf4 Ne5 9. Be2 a6 10. g4 h6 11. Bg3 Qc7 12. f4 Nc4 13. Qd4 b5 14. e5 dxe5 15.
fxe5 Nd7 16. Bf3 Bb7 17. Bxb7 Qxb7 18. O-O-O Be7 19. Ne4 Rd8 20. Nd6+ Nxd6 21.
exd6 Bf6 22. Qb4 Rc8 23. Rhf1 Rc4 24. Qe1 Rxg4 25. Qa5 Rc4 26. Nd2 Rc8 27. Kb1
O-O 28. Qb4 Qc6 29. c3 Kh8 30. Qg4 b4 31. Qxb4 Rb8 32. Qc4 Qxc4 33. Nxc4 Bxc3
34. Rc1 Bd4 35. Be1 f5 36. Ba5 e5 37. Bc7 Rb5 38. b3 e4 39. Na5 f4 40. Nc6 Be5
41. Rc4 e3 42. Re4 Kh7 43. b4 Rd5 44. Nxe5 Rxe5 0-1

[Event "2nd Indonesia Open Chess Ch. 2012"]
[Site "Grand Sahid Jaya Hotel, Jakart"]
[Date "2012.10.17"]
[Round "9.35"]
[White "Jafar, Sofyan"]
[Black "Aris, T.L.S."]
[Result "1-0"]
[WhiteElo "2286"]
[BlackElo "2238"]
[PlyCount "91"]
[EventDate "2012.10.11"]

1. e4 e6 2. d4 d5 3. e5 c5 4. Nf3 Nc6 5. a3 b6 6. Bd3 h6 7. O-O Bb7 8. Re1 Qc7
9. dxc5 bxc5 10. c4 Nge7 11. Nc3 a6 12. cxd5 exd5 13. e6 fxe6 14. Rxe6 O-O-O
15. b4 c4 16. Bf1 g5 17. b5 axb5 18. Nxb5 Qa5 19. Rb1 Bg7 20. Nd6+ Rxd6 21.
Rxd6 Qc5 22. Re6 Rf8 23. a4 Rd8 24. Rb5 Qa7 25. Ba3 Rd7 26. Bc5 Qb8 27. g3 g4
28. Nd4 Bxd4 29. Bxd4 Qa8 30. Bb6 Ba6 31. Rc5 Kb7 32. a5 Qg8 33. Re1 Nf5 34.
Rxc6 Kxc6 35. Qa4+ Bb5 36. Qb4 Nd6 37. Bg2 Nb7 38. Bd4 Qa8 39. Re6+ Rd6 40.
Rxd6+ Nxd6 41. Qc5+ Kd7 42. Be5 Qc6 43. Bxd6 Qxd6 44. Qxb5+ Ke6 45. a6 Qe5 46.
Bxd5+ 1-0

[Event "2nd Indonesia Open Chess Ch. 2012"]
[Site "Grand Sahid Jaya Hotel, Jakart"]
[Date "2012.10.17"]
[Round "9.36"]
[White "Kaisar, Jenius Hakiki"]
[Black "Hartono"]
[Result "1-0"]
[WhiteElo "2285"]
[BlackElo "2230"]
[PlyCount "111"]
[EventDate "2012.10.11"]

1. e4 g6 2. d4 Bg7 3. Bc4 e6 4. Nc3 Ne7 5. e5 d5 6. exd6 cxd6 7. Bf4 d5 8. Bb3
Nbc6 9. Nf3 h6 10. h4 a6 11. Qd2 Nf5 12. O-O-O Nfxd4 13. Rhe1 Nxf3 14. gxf3 Kf8
15. Kb1 Qf6 16. h5 g5 17. Bd6+ Kg8 18. f4 Bd7 19. Rg1 gxf4 20. Rg2 Rh7 21. Rdg1
Kh8 22. Bxf4 Nd4 23. Rd1 Nxb3 24. axb3 Bc6 25. Re1 d4 26. Ne4 Bxe4 27. Rxe4 Qf5
28. Qe2 Rd8 29. Rg3 Rd5 30. Qc4 Rc5 31. Rxd4 Bf6 32. Qd3 Rg7 33. Be3 Qxh5 34.
Rd8+ Bxd8 35. Qxd8+ Kh7 36. Rxg7+ Kxg7 37. Qd4+ Kg6 38. Qxc5 Qxc5 39. Bxc5 Kf5
40. Kc1 Kg4 41. Kd1 Kf3 42. Ke1 Kg2 43. Be7 f5 44. Bf6 h5 45. Ke2 a5 46. c3 e5
47. Bxe5 h4 48. Ke3 h3 49. f3 h2 50. Bxh2 Kxh2 51. Kf4 Kg2 52. b4 a4 53. c4 Kf2
54. c5 Ke2 55. b5 Kd3 56. c6 1-0

[Event "2nd Indonesia Open Chess Ch. 2012"]
[Site "Grand Sahid Jaya Hotel, Jakart"]
[Date "2012.10.17"]
[Round "9.37"]
[White "Sihite, Chelsie Monica"]
[Black "Eshbaev, Avazbek"]
[Result "1/2-1/2"]
[WhiteElo "2254"]
[BlackElo "2156"]
[PlyCount "128"]
[EventDate "2012.10.11"]

1. e4 e6 2. e5 d5 3. exd6 Qxd6 4. d4 Nc6 5. Nf3 e5 6. d5 Nb4 7. Bb5+ Bd7 8.
Bxd7+ Qxd7 9. Nxe5 Qxd5 10. Qxd5 Nxd5 11. O-O f6 12. Nf3 O-O-O 13. a3 Bd6 14.
c4 Nf4 15. Bxf4 Bxf4 16. Nc3 Ne7 17. Rfe1 Nc6 18. Nd5 Be5 19. Rab1 Rhe8 20. b4
Bd6 21. Red1 Ne5 22. Nxe5 Rxe5 23. Nc3 c6 24. g3 Ree8 25. a4 Be5 26. Ne2 Rxd1+
27. Rxd1 Rd8 28. Rxd8+ Kxd8 29. f4 Bb2 30. f5 Kc7 31. Nf4 Bc3 32. Nd3 b5 33.
axb5 cxb5 34. c5 Kc6 35. Kf2 Bxb4 36. Nxb4+ Kxc5 37. Nc2 Kc4 38. Ke3 Kc3 39.
Nd4 a6 40. Ne2+ Kc2 41. Nd4+ Kc3 42. Ne2+ Kb2 43. Kd4 Kc2 44. Kc5 Kd3 45. Nf4+
Ke4 46. Ne6 Kxf5 47. Nxg7+ Kg5 48. h3 h5 49. Kb4 Kg6 50. Ne6 Kf5 51. Ng7+ Kg6
52. Ne6 Kf5 53. Ng7+ Kg5 54. Ka5 Kg6 55. Ne6 h4 56. g4 f5 57. g5 Kh5 58. Kb4
Kg6 59. Kc5 f4 60. Nxf4+ Kxg5 61. Ng2 Kh5 62. Kb4 Kg5 63. Ka5 Kh5 64. Kb4 Kg5
1/2-1/2

[Event "2nd Indonesia Open Chess Ch. 2012"]
[Site "Grand Sahid Jaya Hotel, Jakart"]
[Date "2012.10.17"]
[Round "9.39"]
[White "Prayitno, Sugeng"]
[Black "Muhammad, Luthfi Ali"]
[Result "1/2-1/2"]
[WhiteElo "2351"]
[BlackElo "2218"]
[PlyCount "140"]
[EventDate "2012.10.11"]

1. d4 Nf6 2. Nf3 g6 3. g3 Bg7 4. Bg2 O-O 5. O-O d6 6. c4 Nc6 7. Nc3 a6 8. b3
Rb8 9. Nd5 Ne4 10. Bb2 f5 11. Rc1 e6 12. Ne3 Qf6 13. Ba1 e5 14. d5 Ne7 15. Nd2
Nxd2 16. Qxd2 c5 17. dxc6 bxc6 18. Rcd1 Rd8 19. Bc3 Bb7 20. Qb2 d5 21. Ba5 Rd7
22. c5 Qe6 23. Nc2 Rf8 24. e3 g5 25. Bc3 Ng6 26. Rfe1 Qf7 27. f4 gxf4 28. gxf4
d4 29. exd4 Nxf4 30. dxe5 Rxd1 31. Rxd1 Nxg2 32. Kxg2 f4 33. e6 Qxe6 34. Kf2 f3
35. Ne3 Re8 36. Re1 Bh6 37. Nf5 Qxf5 38. Rxe8+ Kf7 39. Re1 Qh3 40. Kg1 Bg5 41.
Bd4 Bh4 42. Rf1 Qg4+ 43. Kh1 Qe4 44. Qb1 Qxd4 45. Qxh7+ Qg7 46. Rxf3+ Bf6 47.
Qf5 Ke7 48. Re3+ Kd8 49. Rg3 Qe7 50. Rd3+ Kc7 51. Qf4+ Kc8 52. Qg4+ Kb8 53. b4
Bc8 54. Qf4+ Be5 55. Re3 Bxf4 56. Rxe7 Bd2 57. a3 Bc1 58. h4 Bxa3 59. Re4 Bf5
60. Rf4 Bc2 61. h5 a5 62. bxa5 Kb7 63. h6 Ka6 64. Rf6 Kxa5 65. Rf7 Bxc5 66. h7
Bd4 67. Kg2 c5 68. Kf3 Bg6 69. Rd7 Bb2 70. Rb7 Bc3 1/2-1/2

[Event "2nd Indonesia Open Chess Ch. 2012"]
[Site "Grand Sahid Jaya Hotel, Jakart"]
[Date "2012.10.17"]
[Round "9.40"]
[White "Bersamina, Paulo"]
[Black "Surya, Wahyudi"]
[Result "0-1"]
[WhiteElo "2205"]
[BlackElo "2293"]
[PlyCount "90"]
[EventDate "2012.10.11"]

1. e4 c5 2. Nf3 d6 3. d4 cxd4 4. Nxd4 Nf6 5. Nc3 a6 6. h3 e6 7. g4 d5 8. exd5
Nxd5 9. Bg2 Nxc3 10. bxc3 Qc7 11. Qf3 Nd7 12. O-O Bd6 13. Qe3 O-O 14. Kh1 Nb6
15. f4 Bd7 16. Rb1 Nd5 17. Bxd5 exd5 18. Qf3 b5 19. f5 Rfe8 20. f6 g6 21. Bf4
Re4 22. Bxd6 Qxd6 23. Rbe1 Rae8 24. Rxe4 Rxe4 25. Kg2 b4 26. Ne2 Bb5 27. Rf2
Qe5 28. Nf4 bxc3 29. a3 Re3 30. Qd1 d4 31. h4 Bc6+ 32. Kh2 Qxf6 33. g5 Qe5 34.
Qf1 Re1 35. Qd3 Qe3 36. Qxe3 dxe3 37. Re2 Rxe2+ 38. Nxe2 Bf3 39. Nd4 Bd1 40.
Kg2 f5 41. gxf6 Kf7 42. Kf1 Kxf6 43. Ke1 Bg4 44. Ne2 Bxe2 45. Kxe2 g5 0-1

[Event "2nd Indonesia Open Chess Ch. 2012"]
[Site "Grand Sahid Jaya Hotel, Jakart"]
[Date "2012.10.17"]
[Round "9.41"]
[White "Situru, Muhammad Ivan"]
[Black "Suradiradja, Herman"]
[Result "1-0"]
[WhiteElo "2284"]
[BlackElo "2238"]
[PlyCount "89"]
[EventDate "2012.10.11"]

1. e4 c5 2. Nf3 Nc6 3. Bb5 g6 4. O-O Bg7 5. Re1 e5 6. c3 Nge7 7. a4 O-O 8. Na3
a6 9. Bf1 b6 10. Nc4 d6 11. h3 Rb8 12. d3 b5 13. Ne3 d5 14. axb5 axb5 15. exd5
Nxd5 16. g3 b4 17. Nxd5 Qxd5 18. Bg2 Qd6 19. Nd2 bxc3 20. bxc3 Qc7 21. Ne4 Na5
22. Ba3 Nb7 23. c4 h6 24. Rb1 Rd8 25. Nc3 Be6 26. Nd5 Bxd5 27. Bxd5 Nd6 28. Qa4
Nf5 29. Rb5 Rxb5 30. Qxb5 Nd4 31. Qxc5 Qd7 32. Qe7 Nc2 33. Rb1 Nxa3 34. Qxa3
Qxh3 35. Rb7 Rf8 36. Qe7 Qf5 37. c5 Qxd3 38. Bxf7+ Kh8 39. Bc4 Qd1+ 40. Bf1 Rg8
41. c6 Qf3 42. Bc4 e4 43. Bxg8 Qd1+ 44. Kh2 Qh5+ 45. Qh4 1-0

[Event "2nd Indonesia Open Chess Ch. 2012"]
[Site "Grand Sahid Jaya Hotel, Jakart"]
[Date "2012.10.17"]
[Round "9.42"]
[White "Panggabean, Hasian"]
[Black "Gunawan, Johan"]
[Result "0-1"]
[WhiteElo "2204"]
[BlackElo "2276"]
[PlyCount "76"]
[EventDate "2012.10.11"]

1. d4 d5 2. Nf3 Nf6 3. c4 dxc4 4. Qa4+ c6 5. Qxc4 Bf5 6. Nc3 e6 7. g3 b5 8. Qb3
b4 9. Na4 Nbd7 10. Bg2 Be4 11. O-O Qa5 12. Be3 Be7 13. Nd2 Bxg2 14. Kxg2 O-O
15. Rfc1 Rfc8 16. Rc2 Ng4 17. Nf1 Qf5 18. Rac1 Ndf6 19. f3 Nxe3+ 20. Nxe3 Qb5
21. Nc4 Nd5 22. e4 Nb6 23. Naxb6 axb6 24. Ne5 c5 25. d5 exd5 26. exd5 Bf6 27.
Nc4 Rd8 28. a3 h5 29. Rd1 h4 30. axb4 Ra4 31. Qd3 Rxb4 32. gxh4 Bd4 33. d6 Qc6
34. Re2 Qd5 35. b3 Rb5 36. Rde1 g6 37. Re8+ Rxe8 38. Rxe8+ Kg7 0-1

[Event "2nd Indonesia Open Chess Ch. 2012"]
[Site "Grand Sahid Jaya Hotel, Jakart"]
[Date "2012.10.17"]
[Round "9.43"]
[White "Purba, Cornelis"]
[Black "Sutarno"]
[Result "0-1"]
[WhiteElo "2203"]
[BlackElo "2252"]
[PlyCount "82"]
[EventDate "2012.10.11"]

1. e4 e5 2. Nf3 d6 3. Nc3 Nf6 4. Bc4 Be7 5. d4 Nbd7 6. Qe2 O-O 7. h3 c6 8. Bb3
b5 9. a3 a5 10. O-O Ba6 11. Nd1 Qc7 12. Bg5 Rfe8 13. Ne3 exd4 14. Nxd4 Bf8 15.
f3 d5 16. c3 b4 17. Qc2 Bxf1 18. Rxf1 c5 19. cxb4 axb4 20. Nxd5 Nxd5 21. Bxd5
Qg3 22. Qb3 Qxg5 23. Bxf7+ Kh8 24. Bxe8 Rxe8 25. Nf5 Qf6 26. a4 Ne5 27. a5 g6
28. Ne3 Qa6 29. Qa4 Ra8 30. Ra1 c4 31. Nd5 Bc5+ 32. Kh1 Qc6 33. Qc2 Bd6 34. Qd2
Nd3 35. Qg5 Rf8 36. a6 Qc5 37. g3 Qf2 38. f4 Ne1 39. Rxe1 Qxe1+ 40. Kh2 Qe2+
41. Kh1 Qxe4+ 0-1

[Event "2nd Indonesia Open Chess Ch. 2012"]
[Site "Grand Sahid Jaya Hotel, Jakart"]
[Date "2012.10.17"]
[Round "9.44"]
[White "Sean, Winshand Cuhendi"]
[Black "Margana, Adhy"]
[Result "1-0"]
[WhiteElo "2181"]
[BlackElo "2221"]
[PlyCount "53"]
[EventDate "2012.10.11"]

1. d4 Nf6 2. Bf4 g6 3. Nc3 Bg7 4. e4 d6 5. Qd2 h6 6. h4 a6 7. a4 Nc6 8. Nf3 Bg4
9. d5 Nb4 10. Bc4 a5 11. Bb3 Na6 12. Nh2 Bc8 13. Be3 b6 14. Bc4 Nc5 15. f3 e5
16. dxe6 Bxe6 17. Bb5+ Kf8 18. O-O-O Nfd7 19. f4 Qxh4 20. f5 gxf5 21. exf5 Bxf5
22. Qd5 Bxc3 23. Qxf5 c6 24. Ng4 Qe7 25. Bxc6 Rc8 26. Bxd7 Bxb2+ 27. Kxb2 1-0

[Event "2nd Indonesia Open Chess Ch. 2012"]
[Site "Grand Sahid Jaya Hotel, Jakart"]
[Date "2012.10.17"]
[Round "9.45"]
[White "Dewi, Aa Citra"]
[Black "Pitra, Andika"]
[Result "0-1"]
[WhiteElo "2161"]
[BlackElo "2340"]
[PlyCount "76"]
[EventDate "2012.10.11"]

1. e4 Nc6 2. Nf3 d6 3. d4 Nf6 4. Nbd2 Bg4 5. c3 e6 6. Bd3 Be7 7. O-O O-O 8. Re1
Bh5 9. Nf1 d5 10. Ng3 dxe4 11. Nxe4 Bg6 12. Nxf6+ Bxf6 13. Bxg6 hxg6 14. Bf4
Ne7 15. Be5 Bxe5 16. Nxe5 Qd6 17. Qf3 Qd5 18. Re4 Rad8 19. c4 Qa5 20. Rf4 Nf5
21. Qxb7 Nxd4 22. Rxd4 Rxd4 23. Nc6 Qxa2 24. Rf1 Rd7 25. Ne5 Rd2 26. b4 Qb2 27.
Nc6 Rd7 28. Qxa7 Qe2 29. Qa3 Re8 30. Qb3 e5 31. b5 e4 32. Nb4 Rd4 33. Nc2 Rd3
34. Qa4 Rd1 35. Ne3 Rxf1+ 36. Nxf1 Rd8 37. Qa6 Kh7 38. Qa3 Rd3 0-1

[Event "2nd Indonesia Open Chess Ch. 2012"]
[Site "Grand Sahid Jaya Hotel, Jakart"]
[Date "2012.10.17"]
[Round "9.46"]
[White "Hukom, David"]
[Black "Laksana, Agusta"]
[Result "0-1"]
[WhiteElo "2100"]
[BlackElo "2305"]
[PlyCount "68"]
[EventDate "2012.10.11"]

1. e4 c5 2. Nf3 e6 3. Nc3 a6 4. d4 cxd4 5. Nxd4 Qc7 6. Bd3 Nc6 7. Nxc6 bxc6 8.
O-O d5 9. Qf3 Bd6 10. Re1 Ne7 11. h4 O-O 12. h5 f5 13. exd5 cxd5 14. Bg5 Nc6
15. Rad1 h6 16. Bc1 Kh8 17. Bf1 Ne5 18. Qh3 Ng4 19. Be2 d4 20. Ne4 Bb4 21. Bd2
Bxd2 22. Rxd2 Ne5 23. Ng3 Qa5 24. Red1 Qxa2 25. b3 Bb7 26. f4 Ng4 27. Bxg4 fxg4
28. Qxg4 Rf6 29. Ne2 Raf8 30. Kh2 R8f7 31. Nxd4 Rxf4 32. Qxe6 Qa5 33. Qg6 Qe5
34. g3 Rh4+ 0-1

[Event "2nd Indonesia Open Chess Ch. 2012"]
[Site "Grand Sahid Jaya Hotel, Jakart"]
[Date "2012.10.17"]
[Round "9.47"]
[White "Sonjaya, Deni"]
[Black "Ali, Sadikin"]
[Result "1-0"]
[WhiteElo "2284"]
[BlackElo "2167"]
[PlyCount "85"]
[EventDate "2012.10.11"]

1. e4 e5 2. Bc4 Nc6 3. Nc3 Nf6 4. d3 Bb4 5. a3 Ba5 6. Nge2 d6 7. O-O Bg4 8. h3
Bh5 9. Be3 Bxc3 10. bxc3 d5 11. exd5 Nxd5 12. Bd2 O-O 13. Qe1 Re8 14. Ng3 Bg6
15. Qe2 Kh8 16. Rab1 f5 17. Rfe1 Qd6 18. h4 h6 19. h5 Bh7 20. a4 Nb6 21. Bb3
Na5 22. Ba2 Rad8 23. d4 Nc6 24. a5 Nxa5 25. Bf4 Nc6 26. dxe5 Qc5 27. e6 Qxc3
28. Bxc7 Rd2 29. Qe3 Qxe3 30. Rxe3 Rxc2 31. Bb3 Rd2 32. f4 Na5 33. Bxb6 axb6
34. Ba4 Re7 35. Bd7 g5 36. hxg6 Bxg6 37. Rc3 Rd6 38. Rb5 Kg7 39. Nxf5+ Bxf5 40.
Rxf5 Nc6 41. Rg3+ Kh7 42. Rh3 Rd4 43. Rf6 1-0

[Event "2nd Indonesia Open Chess Ch. 2012"]
[Site "Grand Sahid Jaya Hotel, Jakart"]
[Date "2012.10.17"]
[Round "9.48"]
[White "Ferdiman, Tersiman"]
[Black "Pamungkas, Junaid"]
[Result "1-0"]
[WhiteElo "2005"]
[BlackElo "2221"]
[PlyCount "131"]
[EventDate "2012.10.11"]

1. e4 c5 2. Nf3 d6 3. d4 cxd4 4. Nxd4 Nf6 5. Nc3 e6 6. Bg5 Nbd7 7. Bc4 a6 8. a3
Nb6 9. Bb3 Be7 10. Qe2 O-O 11. f4 Qc7 12. O-O-O Nbd7 13. Bxe6 fxe6 14. Nxe6 Qa5
15. Nxf8 Bxf8 16. Qc4+ Kh8 17. Qf7 h6 18. h4 b5 19. e5 dxe5 20. Bxf6 gxf6 21.
Rh3 exf4 22. Rhd3 Bg7 23. Rxd7 Bxd7 24. Rxd7 Rg8 25. Kb1 b4 26. Nd5 b3 27. cxb3
Qe1+ 28. Ka2 Qe8 29. Nxf4 Qe4 30. g3 Qe8 31. h5 Qxf7 32. Rxf7 Re8 33. Re7 Rxe7
34. Ng6+ Kg8 35. Nxe7+ Kf7 36. Nf5 Bf8 37. Nd4 Bc5 38. Nf5 Bf8 39. Nd4 Bc5 40.
Ne2 Ke6 41. b4 Bf2 42. Kb3 Kf5 43. a4 Kg4 44. Kc4 Kxh5 45. b5 axb5+ 46. Kxb5
Kg4 47. a5 f5 48. Kc4 Kf3 49. Nd4+ Ke4 50. Ne2 Kf3 51. Nd4+ Ke4 52. Ne6 Bxg3
53. b4 Bb8 54. b5 Ke5 55. Nd4 Kd6 56. Nxf5+ Kc7 57. Nxh6 Ba7 58. Nf5 Bf2 59.
Nd4 Kb8 60. Nc6+ Kb7 61. Nb4 Bg3 62. Nd3 Bd6 63. Nc5+ Kc7 64. Ne4 Be7 65. b6+
Kb8 66. a6 1-0